| 000 | 00350nam a22001337a 4500 | ||
|---|---|---|---|
| 020 | _a978-93-5463-703-2 | ||
| 082 |
_a574 _bOSW/Q |
||
| 100 | _aOSWAAL BOOKS | ||
| 245 |
_aCBSE MCQs QUESTION BANK CHAPTERWISE BIOLOGY _bCLASS XII |
||
| 260 |
_aAGRA _bOSWAAL BOOKS _c2021 |
||
| 300 | _a86 | ||
| 650 |
_aBIOLOGY QUESTION BANK FOR CLASS XII _zINDIA |
||
| 942 | _cBK | ||
| 999 |
_c721 _d721 |
||